000 00524nam a2200181Ia 4500
005 20250326124041.0
008 250326s9999 xx 000 0 und d
037 _aTextbook
040 _aFMSL
_beng
_cFMSL
041 _aeng
_2eng
084 _aX.7 L7
_qFMSL
100 _aChandler A D
_9735416
245 0 _aVisible hand: managerial revolution in American business
_cChandler A D
260 _aLondon
_bLondon, Harvard Univeristy
_c1977
300 _a608p
942 _cTB
_hX.7 L7
999 _c1272053
_d1272053